Proceso de estructuración territorial en Costa Rica Bibliografía sobre la problemática urbano y regional, 1945-1981 /

Сохранить в:
Библиографические подробности
Главный автор: Lavell Thomas, Allan
Другие авторы: Morales, Miguel Arriaga, Jorge
Формат: Текст
Опубликовано: San José: CSUCA
Метки: Добавить метку
Нет меток, Требуется 1-ая метка записи!

MARC

LEADER 00000 a a2200000 04500
001 24826
003
040
090 |a 175700  
100 |a Lavell Thomas, Allan  
245 |a Proceso de estructuración territorial en Costa Rica Bibliografía sobre la problemática urbano y regional, 1945-1981 /  |c Allan Lavell Thomas 
260 |a San José:   |b CSUCA  
300 |a 410 p.  
700 |a Morales, Miguel   |a Arriaga, Jorge  
999 |c 7160  |d 7160